| 000 | 00412nam a2200169Ia 4500 | ||
|---|---|---|---|
| 008 | 230524s9999 xx 000 0 und d | ||
| 020 | _a0230639968 | ||
| 082 |
_a658.4012 _bSEN |
||
| 100 | _aRatna Sen | ||
| 245 | 0 | _aIndustrial Relations : Text and Cases | |
| 250 | _a2ND | ||
| 260 |
_aNEW DELHI _bMacmillan _c2010 |
||
| 300 | _aX;557 | ||
| 500 | _aQuantity Number: 2 | ||
| 650 | _aManagement | ||
| 942 | _cBK | ||
| 999 |
_c46804 _d46804 |
||